Statistics for English Words of Russian Origin

Click here to take the quiz!

General Stats

  • This quiz has been taken 45,642 times
  • The average score is 11 of 20

Answer Stats

DefinitionWord% Correct
Clear, distilled alchoholVVodka
96%
Russian emperorTTsar
93%
Russian emperor (alt. spelling)CCzar
79%
Extinct woolly elephantMMammoth
77%
Russian astronautCCosmonaut
74%
Prison campGGulag
74%
Type of hat worn by Indiana JonesFFedora
70%
Old womanBBabushka
69%
Russian for noNNyet
64%
Beet soupBBorscht
60%
Warm jacket with hoodPParka
59%
The vast, Eurasian grasslandsSSteppe
45%
Russian national parliamentDDuma
38%
Subarctic forest zoneTTaiga
37%
Caviar-bearing sturgeonBBeluga
35%
Anti-Jewish riotPPogrom
35%
Russian summer cottageDDacha
29%
Metal urn for making teaSSamovar
29%
Carriage drawn by three horsesTTroika
20%
Russian wolfhoundBBorzoi
11%

Score Distribution

Percentile by Number Answered

Percent of People with Each Score

Your Score History

You have not taken this quiz